| 000 | 00545nam a22001932 4500 | ||
|---|---|---|---|
| 001 | 0000001210 | ||
| 005 | 20151217155808.0 | ||
| 008 | 070227s xx 000 0 eng d | ||
| 040 |
_aKABU _cKABU |
||
| 050 | 0 |
_aDT443.3 _b.Z37B45 |
|
| 100 | 1 |
_aBeidelman, T. O. _@0000149805 |
|
| 245 | 1 | 4 | _aThe Matrilineal peoples of Eastern Tanzania. |
| 260 |
_aLondon : _bIAI, _c1967. |
||
| 300 | _a94 p. | ||
| 600 | 1 | 0 |
_aZaramo (African people) _@0000149806 |
| 908 | _a070227 | ||
| 950 | _@1 | ||
| 999 |
_c12521 _d12521 |
||